000 00450nam a2200169Ia 4500
005 20250603145817.0
008 250603s9999 xx 000 0 und d
020 _a9780765621207
050 _aJF 1525 .E8 .T43/
100 _aEdited by Thomas Andrew Bryer and Timothy J. Shaffer
245 0 _aTeaching democratic ideas to public affairs student
260 _aLondon
260 _bRoutledge
260 _c2023
650 _aLondon
942 _cBK
999 _c42923
_d42923